<?xml version="1.0" encoding="UTF-8"?>
<record
    xmlns:xsi="http://www.w3.org/2001/XMLSchema-instance"
    xsi:schemaLocation="http://www.loc.gov/MARC21/slim http://www.loc.gov/standards/marcxml/schema/MARC21slim.xsd"
    xmlns="http://www.loc.gov/MARC21/slim">

  <leader>00270nam a22001097a 4500</leader>
  <controlfield tag="008">260422b        |||||||| |||| 00| 0 eng d</controlfield>
  <datafield tag="100" ind1=" " ind2=" ">
    <subfield code="a">Narayanachar, K S</subfield>
  </datafield>
  <datafield tag="245" ind1=" " ind2=" ">
    <subfield code="a">Mula Sankshepta Ramayana</subfield>
  </datafield>
  <datafield tag="260" ind1=" " ind2=" ">
    <subfield code="a">Hubli</subfield>
    <subfield code="b">Sahitya Prakashana</subfield>
    <subfield code="c">2016</subfield>
  </datafield>
  <datafield tag="300" ind1=" " ind2=" ">
    <subfield code="a">168p</subfield>
  </datafield>
  <datafield tag="942" ind1=" " ind2=" ">
    <subfield code="2">ddc</subfield>
  </datafield>
  <datafield tag="999" ind1=" " ind2=" ">
    <subfield code="c">1249</subfield>
    <subfield code="d">1249</subfield>
  </datafield>
  <datafield tag="952" ind1=" " ind2=" ">
    <subfield code="0">0</subfield>
    <subfield code="1">0</subfield>
    <subfield code="2">ddc</subfield>
    <subfield code="4">0</subfield>
    <subfield code="7">0</subfield>
    <subfield code="9">1465</subfield>
    <subfield code="a">KSU</subfield>
    <subfield code="b">KSU</subfield>
    <subfield code="c">GEN</subfield>
    <subfield code="d">2026-04-22</subfield>
    <subfield code="e">Sahitya Prakashana</subfield>
    <subfield code="i">2206</subfield>
    <subfield code="l">0</subfield>
    <subfield code="p">001043</subfield>
    <subfield code="r">2026-04-22</subfield>
    <subfield code="w">2026-04-22</subfield>
    <subfield code="y">BK</subfield>
  </datafield>
</record>
